| 000 | 00785nam a22002297a 4500 | ||
|---|---|---|---|
| 003 | UPN | ||
| 005 | 20230602063814.0 | ||
| 008 | 220303b1981 mx ||||| |||| 00| 0 spa d | ||
| 040 |
_aUPN _bspa _cUPN |
||
| 050 | 4 |
_aPT3919.T7 _bG4.8 1981 |
|
| 100 | 1 |
_aTraven, Bruno, _d1890-1969 _929464 |
|
| 240 | 1 | 0 |
_aGeneral from the jungle. _lEspañol |
| 245 | 1 | 3 |
_aEl general : _btierra y libertad / _cB. Traven ; traducción del inglés por Rosa Elena Luján. |
| 250 | _a8a ed. | ||
| 260 |
_aMéxico : _bEdiciones Minerva, _c1981. |
||
| 440 |
_943868 _aColección Ideas, letras y vida |
||
| 500 | _aTraducción de: General from the jungle. | ||
| 650 | 2 |
_99893 _aMEXICO EN LA LITERATURA |
|
| 650 | 4 |
_aNovela mexicana _94557 |
|
| 700 | 1 |
_943869 _aLuján, Rosa Elena, _etr. |
|
| 942 |
_2lcc _cLIBRO |
||
| 999 |
_c208199 _d208199 |
||